A learned and godly sermon preached on the XIX. day of December, anno Dom. MDCXXXI. at the funerall of Mr. Robert Bolton Batchelour in Divinity and minister of Broughton in Northampton-Shire. By Mr. Nicolas Estvvick, Batchelour in Divinity, and sometimes fellow of Christs Colledge in Cambridge, and now minister of Warkton in Northampton-Shire. Revised and somewhat enlarged by the author, and now at the importunity of some friends published

Bibliographic Details
Main Author: Estwick, Nicolas
Format: eBook
Language:English
Published: London : printed by George Miller dwelling in Black-Friers, 1635.
Series:Early English books online.
Subjects:
Online Access:Connect to the full text of this electronic book

MARC

Tag First Indicator Second Indicator Subfields
LEADER 00000nam a2200000Ia 4500
001 in00004175721
005 20200807084016.0
006 m g d
007 cr bn |||a|bb|
008 990217s1635 enk o 00| | eng d
035 |a (UnM)99900579 
037 |a CL0036000066  |b ProQuest. 789 E. Eisenhower Parkway, Ann Arbor, MI 48108-3218 
040 |a Cu-RivES  |c Cu-RivES  |e dcrb  |d WaOLN 
100 1 |a Estwick, Nicolas. 
245 1 2 |a A learned and godly sermon preached on the XIX. day of December, anno Dom. MDCXXXI. at the funerall of Mr. Robert Bolton Batchelour in Divinity and minister of Broughton in Northampton-Shire. By Mr. Nicolas Estvvick, Batchelour in Divinity, and sometimes fellow of Christs Colledge in Cambridge, and now minister of Warkton in Northampton-Shire. Revised and somewhat enlarged by the author, and now at the importunity of some friends published 
246 2 |a Sermon preached at the funerall of Mr. Bolton 
260 |a London :  |b printed by George Miller dwelling in Black-Friers,  |c 1635. 
300 |a 1 online resource ([2], 70 pages) 
336 |a text  |b txt  |2 rdacontent 
337 |a computer  |b c  |2 rdamedia 
338 |a online resource  |b cr  |2 rdacarrier 
500 |a Running title reads: A sermon preached at the funerall of Mr. Bolton. 
500 |a Usually found as part 2 of STC 3244. 
500 |a Signatures: A-I⁴. 
500 |a Reproduction of original in the Folger Shakespeare Library. 
510 4 |a STC (2nd edition)  |c 10557 
533 |a Electronic reproduction.  |b Ann Arbor, Mich. :  |c UMI,  |d 1999-  |f (Early English books online)  |n Digital version of: (Early English books, 1475-1640 ; 2064:3)  |7 s1999 miun s 
600 1 0 |a Bolton, Robert,  |d 1572-1631  |v Early works to 1800. 
650 0 |a Funeral sermons  |y 17th century. 
650 0 |a Sermons, English  |y 17th century. 
830 0 |a Early English books online. 
856 4 0 |u http://proxy.library.tamu.edu/login?url=https://search.proquest.com/docview/2240877863  |z Connect to the full text of this electronic book  |t 0 
999 f f |s 56a3b691-6b03-37d4-995c-29df9d40288b  |i 1cdd2e00-886d-32d4-b5ed-8be48af1c472  |t 0 
952 f f |a Texas A&M University  |b College Station  |c Electronic Resources  |d Available Online  |t 0  |h No information provided 
998 f f |t 0  |l Available Online